| 000 | 00478nam a2200169 a 4500 | ||
|---|---|---|---|
| 001 | 1104 | ||
| 005 | 20140414131855.0 | ||
| 008 | 041020s19uu xx 00 eng d | ||
| 020 | _a0-7496-0904-4 | ||
| 050 |
_aM 910.92 _bSo5 1992 |
||
| 100 | _aSonghurst, Hazel | ||
| 245 |
_aExplorers / _cwritten by Hazel Songhurst ; illustrated by Rachel O'Neill. |
||
| 260 |
_aLondon : _bWatts Group, _c1992. |
||
| 300 | _a28 p. : ill. ; cm. | ||
| 650 | _aScience facts. | ||
| 999 |
_c110405 _d110405 |
||